Представление документа в формате RUSMARC

ПолеНазваниеЗначение
  Тип записи a
  Библиографический уровень a
001 Контрольный номер UONB/MAIN/e31d98969cae4f718cf42d43c57e1da0
005 Дата корректировки 20260428160501.9
100 Данные общей обработки __
a Данные общей обработки 20260428 ||| 0rusy0189 ca
101 Язык документа 0_
a Язык текста rus
102 Страна публикации __
a Страна публикации RU
135 Кодированные данные (электронные ресурсы) __
a Кодированные данные (электронные ресурсы) dr
139 Кодированные данные (электронные ресурсы) __
a Кодированные данные (электронные ресурсы) ua
x Формат данных или файловое расширение pdf
200 Заглавие и сведения об ответственности 1_
a Заглавие Цифровые (виртуальные) активы: теоретико-правовой анализ и перспективы правового моделирования
f Первые сведения об ответственности В. К. Шайдуллина
d Параллельное заглавие Digital (Virtual) Assets: Theoretical and Legal Analysis and Prospects for Legal Modeling
z Язык параллельного заглавия eng
203 Вид содержания и тип средства __
a Вид содержания Текст
b Характеристика содержания визуальный
c Тип средства электронный
320 Библиография __
a Библиография Библиогр.: с. 46 (6 назв.)
330 Аннотация __
a Аннотация В статье проводится комплексное исследование правовой природы цифровых (виртуальных) активов, их классификации и места в системе объектов гражданских прав. На основе сравнительно-правового анализа международных подходов и национальных законодательств России и Азербайджана выявляются концептуальные различия в понимании правовой сущности цифровых (виртуальных) активов. Автор обосновывает необходимость признания цифровых (виртуальных) активов самостоятельной категорией sui generis, требующей особого правового режима, сочетающего элементы вещно-правового и обязательственно-правового регулирования.
333 Примечание о целевом назначении __
a Примечание о целевом назначении 16+
461 Уровень набора _0
1 2000
a Современное право
1 011
a 1991-6027
463 Уровень физической единицы _0
1 2000
a № 2
v С. 44-47
1 2101
d 2026
1 001UONB/MAIN/9256f66fbd0c4fc6b9335f9297937c4a
605 Заглавие как предмет __
a Заглавие Гражданский кодекс Азербайджанской Республики
606 Тематические рубрики 0_
a Основная рубрика Право
y Географическая подрубрика Россия
y Географическая подрубрика Азербайджан
606 Тематические рубрики 0_
a Основная рубрика Управление в сфере хозяйственной деятельности
610 Ключевые слова 0_
a Ключевые слова цифровые активы
610 Ключевые слова 0_
a Ключевые слова виртуальные активы
610 Ключевые слова 0_
a Ключевые слова классификация активов
610 Ключевые слова 0_
a Ключевые слова правовой режим
610 Ключевые слова 0_
a Ключевые слова криптовалюта
610 Ключевые слова 0_
a Ключевые слова токены
610 Ключевые слова 0_
a Ключевые слова цифровые права
610 Ключевые слова 0_
a Ключевые слова блокчейн
610 Ключевые слова 0_
a Ключевые слова объекты гражданских прав
610 Ключевые слова 0_
a Ключевые слова криптоактивы
686 Индексы других классификаций __
2 Код системы rubbk
700 Автор _1
a Фамилия Шайдуллина
b Имя (инициалы) В. К.
4 Код отношения 070
790 Имя лица - альтернативная форма _1
a Имя лица - альтернативная форма Shaidullina
b Имя (инициалы) V. K.
4 Код отношения 070
801 Источник записи _0
a Страна RU
b Организация Ульяновская ОНБ
c Дата составления 20260424
g Правила каталогизации RCR
801 Источник записи _1
a Страна RU
b Организация Ульяновская ОНБ
c Дата составления 20260424
g Правила каталогизации RCR
901 Тип документа __
t Тип документа b
w Контрольный № источника UONB/MAIN/9256f66fbd0c4fc6b9335f9297937c4a